Loading...

Al-biruni kanda India/

Bibliographic Details
Main Author: Al-biruni
Format: Printed Book
Language:English
Published: Thrissur: Vicharam Books, 2011.
Subjects:
LEADER 00504 a2200145 4500
008 140130b xxu||||| |||| 00| 0 eng d
082 |a 954.0223 
100 |a Al-biruni. 
245 |a Al-biruni kanda India/ 
260 |c 2011.  |b Vicharam Books,  |a Thrissur: 
300 |a 491p.  |c 21cm. 
650 |a Indian history. 
942 |2 ddc  |c BK 
999 |c 100986  |d 100986 
952 |0 0  |1 0  |4 0  |6 954_022300000000000_ALB_A_M  |7 0  |9 100986  |a UL  |b UL  |c ST1  |d 2013-08-29  |e 2  |g 203.00  |l 18  |m 4  |o 954.0223 ALB/A M  |p 89610  |r 2021-12-06  |s 2021-10-29  |v 290.00  |y BK